[Event "Let's Play Chess!"]
[Site "http://www.queenalice.com/game.php?id=163026"]
[Date "2007.2.3"]
[Round "-"]
[White "KDP"]
[Black "brooknewton"]
[Result "0-1"]
[WhiteElo "1504"]
[BlackElo "1494"]

1. e4 e5 2. Nf3 d6 3. Bb5+ c6 4. Bc4 b5 5. Bb3 a5 6. a4 b4 7. d4 f5 8. exf5 Bxf5
9. Bg5 Nf6 10. dxe5 dxe5 11. Nxe5 Qxd1+ 12. Kxd1 Nd5 13. c4 h6 14. Bc1 Nf6 15.
c5 Bxc5 16. Re1 Bxf2 17. Nf7+ Bxe1 18. Nxh8 Bh4 19. g3 Bg4+ 20. Kd2 Bg5+ 21. Kc2
Nbd7 22. Nd2 Nc5 23. Bf7+ Kf8 24. b3 Rd8 25. Nf1 Bf5+ 26. Kb2 Nd3+ 27. Ka2 Nxc1+
0-1

[Event "Let's Play Chess!"]
[Site "http://www.queenalice.com/game.php?id=266055"]
[Date "2007.9.3"]
[Round "-"]
[White "dghost"]
[Black "KDP"]
[Result "0-1"]
[WhiteElo "1485"]
[BlackElo "1472"]

1. e4 c5 2. Bc4 g6 3. Nf3 Nf6 4. Nc3 e6 5. O-O Qc7 6. d3 Ng4 7. h3 Ne5 8. Nxe5
Qxe5 9. Be3 Bd6 10. Qd2 Qh2# 0-1

[Event "Let's Play Chess!"]
[Site "http://www.queenalice.com/game.php?id=266056"]
[Date "2007.9.3"]
[Round "-"]
[White "KDP"]
[Black "dghost"]
[Result "0-1"]
[WhiteElo "1502"]
[BlackElo "1444"]

1. e4 e5 2. Nf3 Nc6 3. Bb5 a6 4. Bxc6 bxc6 5. O-O d6 6. d4 exd4 7. Qxd4 c5 8.
Qd5 Be6 9. Qc6+ Bd7 10. Qd5 Nf6 11. Qd3 Bb5 12. c4 Bc6 13. Nbd2 Be7 14. b3 O-O
15. e5 dxe5 16. Qf5 e4 17. Ng5 g6 18. Qh3 Bd7 19. Qh4 Nh5 20. Qxe4 Bxg5 21. Bb2
Bf5 22. Qe2 Bxd2 23. Rad1 Nf4 24. Qe5 f6 25. Qxc5 Qd6 26. Qxd6 cxd6 27. Rxd2
Rad8 28. g3 Nd3 29. Bc3 Bh3 30. Rfd1 Bg4 31. Ra1 Ne5 32. a4 Nf3+ 33. Kh1 Nxd2
34. Bxd2 d5 35. c5 Rb8 36. b4 d4 37. Kg2 Rfe8 38. h3 Re2 39. Bf4 Bd7 40. Bxb8
Rb2 41. b5 axb5 42. a5 d3 43. a6 d2 44. a7 Bc6+ 45. Kf1 Rc2 46. Bf4 d1=Q+ 47.
Rxd1 Ra2 48. Bb8 b4 49. Rd6 Bb5+ 50. Kg1 f5 51. Rb6 Ra1+ 52. Kh2 Bd3 53. Rxb4
Be4 54. g4 Kf7 55. g5 Ra2 56. Rc4 Rxf2+ 57. Kg3 Rf3+ 58. Kh2 Rf2+ 59. Kg1 Rg2+
60. Kf1 Ra2 61. c6 Rxa7 62. Bxa7 Bd3+ 63. Kf2 Bxc4 64. Ke3 Ke6 65. Kd4 Ba6 66.
c7 Bc8 67. Kc3 Ke5 68. Kd3 Kf4 69. Be3+ Kg3 70. Kd4 Kxh3 71. Ke5 Kg4 72. Kf6 f4
73. Bf2 Kh5 74. Kg7 Kxg5 75. Kxh7 Kh5 76. Kg7 g5 77. Kf6 g4 78. Be1 g3 79. Ke5
Kg4 80. Kd4 Kf3 81. Bxg3 Kxg3 82. Ke4 f3 83. Ke5 f2 84. Kd6 f1=Q 85. Ke7 Kg4 86.
Kd8 Ba6 87. c8=Q+ Bxc8 88. Kxc8 Qf7 89. Kb8 Kf5 90. Ka8 Qd7 91. Kb8 Ke6 92. Ka8
Kd6 93. Kb8 Kc6 94. Ka8 Qb7# 0-1

[Event "AUTO-INT-917"]
[Site "http://www.queenalice.com/game.php?id=410349"]
[Date "2008.5.30"]
[Round "1"]
[White "Romerflu"]
[Black "KDP"]
[Result "0-1"]
[WhiteElo "1503"]
[BlackElo "1498"]

1. e4 c6 2. Nf3 d5 3. e5 Bg4 4. d4 Nd7 5. Qd3 e6 6. Ng5 h6 7. h3 hxg5 8. hxg4
Rxh1 9. g3 Qc7 10. Bxg5 c5 11. Qf3 Rh5 12. gxh5 cxd4 13. c3 Nxe5 14. Qf4 dxc3
15. Nxc3 f6 16. Nb5 Qa5+ 17. Kd1 Rc8 18. a3 a6 19. Na7 Ra8 20. Qd4 Bc5 21. b4
Qa4+ 22. Kd2 Bxd4 23. Rc1 fxg5 24. Rc8+ Rxc8 25. Nxc8 Qc6 26. Bd3 Qxc8 27. Bh7
Qc3+ 28. Kd1 Nf6 29. Bc2 Nf3 30. Ba4+ Kf8 31. Bc2 Qd2# 0-1

[Event "AUTO-INT-917"]
[Site "http://www.queenalice.com/game.php?id=410350"]
[Date "2008.5.30"]
[Round "1"]
[White "KDP"]
[Black "Romerflu"]
[Result "1-0"]
[WhiteElo "1471"]
[BlackElo "1503"]

1. d4 e6 2. e4 d5 3. Nd2 Nc6 4. Bb5 a6 5. Bxc6+ bxc6 6. exd5 cxd5 7. c3 c5 8.
Ngf3 f6 9. dxc5 Bxc5 10. b4 Bb6 11. O-O e5 12. Qe2 Bg4 13. h3 Bxf3 14. Qxf3 d4
15. Qc6+ Kf8 16. Nc4 Ne7 17. Qf3 Bc7 18. cxd4 exd4 19. g4 g5 20. Qxf6+ Kg8 21.
Qxg5+ Ng6 22. Qc5 Rc8 23. Bg5 Qd7 24. Rfd1 d3 25. Rd2 Ne5 26. Nxe5 Bxe5 27. Qxe5
Rc2 28. Qb8+ Kg7 29. Qe5+ Kg6 30. Qf6# 1-0

[Event "AUTO-INT-917"]
[Site "http://www.queenalice.com/game.php?id=410361"]
[Date "2008.5.30"]
[Round "1"]
[White "bigbem"]
[Black "KDP"]
[Result "1-0"]
[WhiteElo "1488"]
[BlackElo "1522"]

1. e4 c6 2. Nc3 d5 3. d4 e6 4. Nf3 Nd7 5. b3 Qa5 6. Bd2 Bb4 7. Ne2 Ngf6 8. e5
Ng4 9. Bxb4 Qxb4+ 10. c3 Qb6 11. h3 Nh6 12. Ng5 O-O 13. Nf4 g6 14. a4 c5 15. a5
Qc6 16. c4 dxc4 17. bxc4 b6 18. a6 cxd4 19. Qxd4 f6 20. Qe4 Qxe4+ 21. Nxe4 fxe5
22. Nxe6 Rf4 23. Nxf4 exf4 24. f3 Ne5 25. Be2 Be6 26. Rd1 Nc6 27. Rd6 Bc8 28.
Rxc6 Bxa6 29. c5 Bb7 30. Bc4+ Nf7 31. Rc7 Bc8 32. Rxf7 a6 33. Ra7+ 1-0

[Event "AUTO-INT-917"]
[Site "http://www.queenalice.com/game.php?id=410362"]
[Date "2008.5.30"]
[Round "1"]
[White "KDP"]
[Black "bigbem"]
[Result "0-1"]
[WhiteElo "1498"]
[BlackElo "1463"]

1. d4 d5 2. Nc3 Nf6 3. e3 Nc6 4. Bb5 Bd7 5. e4 dxe4 6. d5 Ne5 7. f4 Neg4 8. h3
Nh6 9. Nge2 Bxb5 10. Nxb5 a6 11. Nbc3 e6 12. O-O exd5 13. b3 Bb4 14. a3 Bxc3 15.
Nxc3 c6 16. Qe2 O-O 17. Qf2 Nf5 18. g4 Nd6 19. g5 Nh5 20. Qh4 g6 21. Be3 Nf5 22.
Qf2 Nfg3 23. Rfe1 Rc8 24. Bb6 Qe8 25. Qd4 Nf5 26. Qf2 Qe6 27. Rad1 Rfe8 28. a4
Qd6 29. Qd2 Qxf4 30. Ne2 Qxd2 31. Rxd2 e3 32. Rd3 Re4 33. Nc3 Rf4 34. Ne2 Rh4
35. Kh2 Re8 36. Ng1 Ree4 37. Nf3 Rhf4 38. Kg2 Nh4+ 39. Nxh4 Rxh4 40. Bxe3 Nf4+
41. Kg3 Nxd3 42. cxd3 Rb4 43. d4 Re4 44. Bd2 Rxb3+ 45. Kf2 Rxe1 46. Bxe1 Ra3 47.
a5 Rd3 48. Kg1 Rxh3 49. Kg2 Rh5 50. Bd2 f5 51. Kg3 Rh1 52. Kg2 Rd1 53. Be3 b5
54. Kf2 h5 55. Ke2 Ra1 56. Bd2 Ra2 57. Ke3 h4 58. Be1 h3 59. Bg3 Ra3+ 60. Kf2
Ra2+ 61. Kf3 h2 62. Bf2 h1=Q+ 0-1

[Event "Let's Play Chess!"]
[Site "http://www.queenalice.com/game.php?id=807843"]
[Date "2010.7.25"]
[Round "-"]
[White "KDP"]
[Black "artkrup"]
[Result "1-0"]
[WhiteElo "1446"]
[BlackElo "1448"]

1. d4 e6 2. e4 b6 3. Nc3 Bb7 4. Nf3 g6 5. g3 Bg7 6. Bg2 h6 7. O-O Nc6 8. d5 Ne5
9. Nxe5 Bxe5 10. f4 Bxc3 11. bxc3 Qe7 12. a3 O-O-O 13. a4 Nf6 14. Ba3 d6 15. e5
exd5 16. exf6 Qxf6 17. Rf3 Rde8 18. Qd4 Qxd4+ 19. cxd4 f5 20. Bf1 c5 21. Rc3 Re4
22. Rd1 Kc7 23. h4 Rhe8 24. dxc5 bxc5 25. Rxd5 Rxa4 26. Rdd3 Ba6 27. Rf3 Bb7 28.
Rfd3 Ree4 29. Bxc5 dxc5 30. Rxc5+ Kb6 31. Rcc3 Rad4 32. Rb3+ Kc7 33. Rdc3+ Kb8
34. Ba6 Re7 35. Rc5 Rd2 36. Re5 Rxe5 37. fxe5 Rd7 38. c4 Kc8 39. Bb5 Re7 40. Re3
Kc7 41. Ba4 Kb6 42. Rb3+ Kc5 43. e6 Kxc4 44. Re3 Kd4 45. Re1 Bd5 46. Rd1+ Ke5
47. Re1+ Kf6 48. Kf2 Rxe6 49. Rd1 Re5 50. Kg1 g5 51. h5 Be6 52. Rd8 Re3 53. Rf8+
1-0

[Event "AUTO-INT-2444"]
[Site "http://www.queenalice.com/game.php?id=1105650"]
[Date "2012.9.23"]
[Round "1"]
[White "rocrico"]
[Black "KDP"]
[Result "1-0"]
[WhiteElo "1581"]
[BlackElo "1527"]

1. e3 e5 2. Nc3 d6 3. d3 Nf6 4. e4 Nc6 5. Nf3 g6 6. Bg5 h6 7. Be3 d5 8. Nb5 a6
9. Nc3 d4 10. Bd2 dxc3 11. Bxc3 b5 12. Be2 b4 13. Bd2 Bc5 14. b3 O-O 15. Bxh6
Re8 16. Bg5 Nd4 17. a4 Qd6 18. O-O Nxf3+ 19. Bxf3 Nh7 20. Bh4 g5 21. Bg3 f5 22.
exf5 Rf8 23. Be4 Rb8 24. Re1 Bb7 25. Bf3 Rxf5 26. Bg4 Rf7 27. Rxe5 Qc6 28. Bf3
Qd6 29. Bxb7 Rxb7 30. Re8+ Qf8 31. Rxf8+ Rxf8 32. Qe2 c6 33. Qe6+ Rff7 34. Qg6+
Rg7 35. Qe8+ Bf8 36. Qxc6 a5 37. Qd5+ Kh8 38. Re1 Nf6 39. Qxa5 Nd7 40. Qa8 Rb6
41. a5 Rb5 42. a6 Rb8 43. Bxb8 Nxb8 44. Qxb8 Rg8 45. Qe5+ Rg7 46. Qf6 g4 47.
Qh4+ Kg8 48. g3 Rh7 49. Qxg4+ Rg7 50. Qe6+ Kh8 51. Re4 Rh7 52. Rg4 Rh6 53. Qg8#
1-0

[Event "AUTO-INT-2444"]
[Site "http://www.queenalice.com/game.php?id=1105651"]
[Date "2012.9.23"]
[Round "1"]
[White "KDP"]
[Black "rocrico"]
[Result "0-1"]
[WhiteElo "1542"]
[BlackElo "1566"]

1. Nf3 e6 2. d4 d5 3. Nc3 Nc6 4. e4 Nf6 5. Bb5 Bd7 6. exd5 exd5 7. Qe2+ Be7 8.
O-O O-O 9. h3 a6 10. Bxc6 Bxc6 11. Ne5 Bd7 12. g4 Bd6 13. a3 Be6 14. f3 c6 15.
Qg2 Qb6 16. Be3 Bxe5 17. Rfe1 Bd6 18. g5 Nh5 19. Na4 Qb5 20. Nc3 Qb6 21. Na4 Qb5
22. b3 Qa5 23. Bd2 Qc7 24. g6 fxg6 25. Rxe6 Bf4 26. Rd1 Rf6 27. Re2 Bd6 28. b4
Nf4 29. Qg4 Nxe2+ 30. Kf1 Ng3+ 31. Kg2 Ne2 32. Re1 Nf4+ 33. Kg1 Nh5 34. c3 Bh2+
35. Kh1 Bg3 36. Rg1 Bf2 37. Rf1 Ng3+ 38. Kg2 Nxf1 39. Kxf1 Qh2 40. Nb6 Re8 41.
Nd7 Rxf3 42. Qg2 Bg3+ 0-1

[Event "AUTO-INT-2444"]
[Site "http://www.queenalice.com/game.php?id=1105660"]
[Date "2012.9.23"]
[Round "1"]
[White "lordmago"]
[Black "KDP"]
[Result "0-1"]
[WhiteElo "1646"]
[BlackElo "1464"]

1. d4 Nc6 2. d5 Ne5 3. f4 Ng6 4. e4 e5 5. f5 Qh4+ 6. Kd2 Qf2+ 7. Qe2 Qd4+ 8. Qd3
Nf4 9. Qxd4 exd4 10. g3 Nh5 11. Be2 Nhf6 12. c3 Nxe4+ 13. Kd3 Nf2+ 14. Kxd4 Nxh1
15. Bf4 b6 16. Bf3 Bc5+ 17. Kd3 Ba6+ 18. c4 Nf2+ 19. Kc3 O-O-O 20. Nd2 c6 21.
dxc6 dxc6 22. Ne4 Bd4+ 23. Kc2 Bxc4 24. Rd1 Nxd1 25. Bxd1 Bxg1 26. Bg5 f6 27.
Bf4 Bd3+ 28. Kc1 Bxe4 29. Ba4 b5 30. Bb3 Nh6 31. Bxh6 gxh6 32. Be6+ Kb8 33. b3
Rhe8 34. Bf7 Be3+ 35. Kb2 Rd2+ 36. Ka3 Bc5+ 37. b4 Rd3+ 38. Kb2 Bd4+ 39. Kc1 Re5
40. g4 Be3+ 41. Kb2 Rd1 42. Bb3 Rd2+ 43. Ka3 Bb1 0-1

[Event "AUTO-INT-2444"]
[Site "http://www.queenalice.com/game.php?id=1105661"]
[Date "2012.9.23"]
[Round "1"]
[White "KDP"]
[Black "lordmago"]
[Result "1-0"]
[WhiteElo "1522"]
[BlackElo "1625"]

1. Nf3 Nc6 2. c3 e5 3. e4 d6 4. Bb5 Bd7 5. O-O a6 6. Bxc6 Bxc6 7. d3 Nf6 8. Qb3
Be7 9. Ng5 O-O 10. d4 Nxe4 11. Nh3 Ng5 12. d5 Bd7 13. c4 Qc8 14. Nxg5 Bxg5 15.
Bxg5 f6 16. Bd2 Bf5 17. Qg3 g6 18. Qh4 Qe8 19. Nc3 g5 20. Qh6 Qg6 21. Qxg6+ Bxg6
22. Rae1 Bd3 23. Ne2 Bxc4 24. b3 Bxd5 25. Nc3 Be6 26. g3 Bf5 27. f3 Bh3 28. Rf2
h6 29. Nd5 c6 30. Ne7+ Kf7 31. Nxc6 Rac8 32. Na7 Rc2 33. a4 Rb2 34. Bc1 Rxb3 35.
Rb2 Rxf3 36. Rxb7+ Kg8 37. Rb6 Rd3 38. Rxa6 Ra8 39. Re3 Rxe3 40. Bxe3 Rd8 41.
Nc6 Rc8 42. Ne7+ Kf8 43. Nxc8 Bxc8 44. Rxd6 Ke7 45. Rc6 Bd7 46. Ra6 Bc8 47. Ra7+
Ke6 48. Ra8 Bb7 49. Ra7 Bc6 50. a5 f5 51. a6 f4 52. Bf2 f3 53. Rh7 Bb5 54. a7
Bc6 55. Rxh6+ Kd5 56. Rxc6 1-0

[Event "Let's Play Chess!"]
[Site "http://www.queenalice.com/game.php?id=1287292"]
[Date "2014.6.10"]
[Round "-"]
[White "helderoliveirafreitas"]
[Black "KDP"]
[Result "0-1"]
[WhiteElo "988"]
[BlackElo "1513"]

1. e4 c5 2. Qf3 d6 3. Bb5+ Nc6 4. Bc4 Nf6 5. Nc3 Bg4 6. Qg3 e6 7. d3 d5 8. exd5
exd5 9. Bb5 Qe7+ 10. Kf1 g6 11. Bf4 d4 12. Na4 Bg7 13. Re1 Be6 14. h4 a6 15. Bc4
Nd5 16. Bg5 Bf6 17. Nb6 Nxb6 18. c3 h6 19. Bxf6 Qxf6 20. Qc7 Rc8 21. Qxb6 Ne5
22. Qxb7 O-O 23. Nf3 Nxc4 24. Qxa6 Nxb2 25. Ne5 dxc3 26. Nd7 Qf5 27. Rxe6 fxe6
28. g3 Qxf2# 0-1

[Event "AUTO-INT-2900"]
[Site "http://www.queenalice.com/game.php?id=1307099"]
[Date "2014.9.9"]
[Round "1"]
[White "bkm"]
[Black "KDP"]
[Result "1-0"]
[WhiteElo "1644"]
[BlackElo "1504"]

1. e4 c5 2. Nf3 d6 3. Bc4 e6 4. d4 d5 5. Bb5+ Nc6 6. Ne5 a6 7. Bxc6+ bxc6 8.
Nxc6 Qd7 9. Ne5 Qd6 10. Qh5 g6 11. Qg5 dxe4 12. Qf4 f5 13. Nc4 Qxf4 14. Bxf4
cxd4 15. Nb6 Ra7 16. Nxc8 Ra8 17. Nd6+ Bxd6 18. Bxd6 Rd8 19. Bc7 Rd7 20. Be5 Nf6
21. Bxf6 Rf8 22. Bg5 d3 23. cxd3 Rxd3 24. O-O e5 25. Na3 f4 26. Nc4 f3 27. Nxe5
Rd5 28. Bh6 Rf5 29. Ng4 Rf4 30. Bxf4 h5 31. Nf6+ 1-0

[Event "AUTO-INT-2900"]
[Site "http://www.queenalice.com/game.php?id=1307100"]
[Date "2014.9.9"]
[Round "1"]
[White "KDP"]
[Black "bkm"]
[Result "0-1"]
[WhiteElo "1525"]
[BlackElo "1717"]

1. d4 d5 2. Nc3 Nf6 3. f3 Nc6 4. e4 e6 5. Bg5 h6 6. Bf4 Be7 7. a3 O-O 8. e5 Nh5
9. Bc1 a6 10. g4 Bh4+ 11. Ke2 Nf6 12. Nh3 b5 13. Nf2 Bxf2 14. Kxf2 Qe7 15. exf6
Qxf6 16. Kg1 Nxd4 17. Bg2 c5 18. a4 b4 19. Ne2 Nxf3+ 20. Kf2 Nxh2+ 21. Ke1 Nxg4
22. Rf1 Qh4+ 23. Kd2 c4 24. b3 c3+ 25. Kd3 Ne5+ 26. Ke3 d4+ 27. Qxd4 Qxd4+ 28.
Kxd4 Ng6 29. Bxa8 Rd8+ 30. Ke3 f5 31. Kf2 a5 32. Kg1 Ba6 33. Rf2 Rxa8 34. Be3
Bxe2 35. Rxe2 f4 36. Bd4 Re8 37. Bb6 f3 38. Rf2 Nh4 39. Bxa5 e5 40. Bxb4 e4 41.
Bxc3 e3 42. Rff1 f2+ 43. Kh1 Re4 44. Rad1 e2 45. Rd8+ Kh7 46. Rxf2 e1=Q+ 47.
Bxe1 Rxe1+ 48. Kh2 Re3 49. Rf4 Nf3+ 50. Rxf3 Rxf3 51. Rb8 Rf2+ 52. Kg3 Rxc2 53.
b4 Rc4 54. a5 Kg6 55. a6 Rc7 56. Rb7 Rc8 57. a7 Ra8 58. Rc7 Kf6 59. b5 Ke6 60.
Rc6+ Kd7 61. Ra6 Kc7 62. Kg4 g5 63. Kh5 Kb7 64. Ra1 Rxa7 65. Kxh6 Rxa1 66. Kxg5
Rf1 67. Kg4 Kb6 68. Kg5 Kxb5 69. Kg4 Kc5 70. Kg5 Kd5 71. Kg6 Ke6 72. Kg5 Ke5 73.
Kg6 Rf2 74. Kg5 Rg2+ 75. Kh6 Kf5 76. Kh5 Rh2# 0-1

[Event "AUTO-INT-2900"]
[Site "http://www.queenalice.com/game.php?id=1307113"]
[Date "2014.9.9"]
[Round "1"]
[White "renet54"]
[Black "KDP"]
[Result "1/2-1/2"]
[WhiteElo "1641"]
[BlackElo "1494"]

1. e4 c5 2. Nf3 Nf6 3. Nc3 e6 4. g3 d5 5. exd5 exd5 6. d4 Nc6 7. Bg2 Bf5 8. O-O
b6 9. Bf4 Nxd4 10. Nxd4 cxd4 11. Qxd4 h6 12. Rae1+ Be7 13. Nxd5 Nd7 14. Qxg7 Rf8
15. Nc7+ Qxc7 16. Bxc7 Rc8 17. Qf6 Nxf6 18. Be5 Nd7 19. Bd6 f6 20. Bd5 Ne5 21.
Bxe5 fxe5 22. Rxe5 Bh3 23. Rfe1 Rc7 24. f4 Rxc2 25. Rxe7+ Kd8 26. Rxa7 Rc7 27.
Rxc7 Kxc7 28. Re7+ Kd8 29. Rh7 Rf5 30. Bb7 Rh5 31. a4 Ke8 32. Kf2 Bf5 33. Rh8+
Ke7 34. Kf3 Kd7 35. g4 Rh3+ 36. Kg2 Bxg4 37. Kg1 Kc7 38. Rh7+ Kb8 39. Be4 Bf3
40. Bxf3 Rxf3 41. Rxh6 Rb3 42. f5 Rxb2 43. f6 Rb4 44. f7 Rf4 45. Rxb6+ Ka7 46.
Rb5 Rxf7 47. a5 Ka6 48. Kg2 Kxb5 49. Kg3 Ra7 50. h4 Rxa5 51. h5 Ra8 52. Kg4 Rg8+
53. Kh4 Rh8 54. Kg5 Kc5 55. Kg6 Rg8+ 56. Kh7 Rg5 57. h6 Rh5 58. Kg6 Rxh6+ 59.
Kxh6 Kc4 60. Kg5 1/2-1/2

[Event "AUTO-INT-2900"]
[Site "http://www.queenalice.com/game.php?id=1307114"]
[Date "2014.9.9"]
[Round "1"]
[White "KDP"]
[Black "renet54"]
[Result "0-1"]
[WhiteElo "1515"]
[BlackElo "1651"]

1. d4 Nf6 2. f3 d5 3. Nc3 e6 4. e4 c5 5. e5 Nfd7 6. b3 cxd4 7. Qxd4 Bc5 8. Qf4
Qa5 9. Bd2 b6 10. Nxd5 Qa3 11. Nc7+ Kf8 12. Nxa8 Qb2 13. Rc1 Bb7 14. Nc7 Nc6 15.
Nxe6+ Ke7 16. Nxg7 Ncxe5 17. Qh4+ Nf6 18. Nf5+ Kd7 19. Bb5+ Bc6 20. Bxc6+ Kxc6
21. Qxf6+ Kb5 22. a4+ Ka6 23. f4 Nf3+ 24. gxf3 Qxf6 25. Ng3 Qd4 26. Nf5 Qf2+ 27.
Kd1 Qf1+ 28. Be1 Rd8+ 29. Nd6 Rxd6# 0-1

[Event "AUTO-INT-2900"]
[Site "http://www.queenalice.com/game.php?id=1307123"]
[Date "2014.9.9"]
[Round "1"]
[White "KDP"]
[Black "piemme"]
[Result "0-1"]
[WhiteElo "1517"]
[BlackElo "1688"]

1. d4 d5 2. Nc3 Nf6 3. e4 c6 4. f3 e6 5. exd5 exd5 6. g3 Bb4 7. Qe2+ Qe7 8. a3
Bxc3+ 9. bxc3 Qxe2+ 10. Bxe2 O-O 11. f4 Re8 12. Nf3 Ng4 13. h3 Nf6 14. O-O Bxh3
15. Re1 Bg4 16. Kf2 Ne4+ 17. Kg1 Nxc3 18. Bd2 Ne4 19. Rab1 b6 20. c4 Nxg3 21.
Kf2 Nxe2 22. Ng1 Nd7 23. cxd5 cxd5 24. Rb5 Nxg1 25. Rxg1 Be6 26. Rb3 a5 27. a4
Bf5 28. Rbg3 g6 29. Rg5 Nf6 30. Rc1 Ne4+ 31. Ke3 Nxg5+ 32. Kf2 Ne4+ 33. Ke3
Nxd2+ 34. Kxd2 Re4 35. Rc6 Rxd4+ 36. Ke3 Rxa4 37. Rxb6 d4+ 38. Kf3 d3 39. Rd6
Ra2 40. Rd4 h5 41. Kg3 d2 42. Rd5 Bg4 43. Kh4 d1=Q 0-1

[Event "AUTO-INT-2900"]
[Site "http://www.queenalice.com/game.php?id=1307124"]
[Date "2014.9.9"]
[Round "1"]
[White "piemme"]
[Black "KDP"]
[Result "0-1"]
[WhiteElo "1723"]
[BlackElo "1500"]

1. e4 c5 2. Qh5 e6 3. Qxc5 Bxc5 4. Nf3 Nf6 5. d4 Bb6 6. e5 Ne4 7. Bd3 d5 8. O-O
f6 9. c3 f5 10. Bg5 Nxg5 11. Nxg5 Qxg5 12. Nd2 h5 13. Nf3 Qg4 14. Bb5+ Nc6 15.
h3 Qe4 16. Rab1 a6 17. Bxc6+ bxc6 18. Ng5 Qf4 19. Nf3 g5 20. Rfe1 g4 21. hxg4
hxg4 22. Re3 Qh6 23. Kf1 Qh1+ 24. Ng1 Rh2 25. Rg3 f4 26. Rxg4 a5 27. Rg8+ Kd7
28. Rd1 Ba6+ 29. Ke1 Rxg8 30. Kd2 Qxg2 31. Kc1 Qxf2 32. a3 Qc2# 0-1

[Event "Let's Play Chess!"]
[Site "http://www.queenalice.com/game.php?id=1448921"]
[Date "2016.11.13"]
[Round "-"]
[White "KDP"]
[Black "walbert"]
[Result "0-1"]
[WhiteElo "1508"]
[BlackElo "1546"]

1. e4 e5 2. Nf3 Nc6 3. Bb5 d6 4. O-O a6 5. Bxc6+ bxc6 6. d4 f6 7. b3 c5 8. d5 f5
9. exf5 Bxf5 10. Bg5 Be7 11. a3 Bxg5 12. Nxg5 Qxg5 13. b4 cxb4 14. axb4 Bh3 15.
g3 Bxf1 16. Qxf1 h5 17. h4 Qf5 18. c3 g5 19. b5 gxh4 20. bxa6 Nh6 21. Qb5+ Ke7
22. Qb7 Ng4 23. Qxc7+ Ke8 24. Qc6+ Ke7 25. Qc7+ Kf8 26. Qxd6+ Kg8 27. f4 hxg3
28. Na3 Qxf4 29. Qe6+ Kh7 30. Rf1 Qe3+ 31. Kg2 Qe2+ 32. Kg1 Qh2# 0-1